00250nam a2200085Ia 4500008004100000100002200041245004900063260004300112260000900155170620s9999 xx 000 0 und d aFreeman- Frank S. 0aTheory and practice of Psychological Testing bNew Delhi- Oxford & IBH Publishing Co. c2006